|
|
|
|
| LEADER |
01565nam a2200397 a 4500 |
| 001 |
EBC1093574 |
| 003 |
MiAaPQ |
| 005 |
20200520144314.0 |
| 006 |
m o d | |
| 007 |
cr cn||||||||| |
| 008 |
120928s2013 nhud sb 001 0 eng d |
| 010 |
|
|
|z 2012026803
|
| 020 |
|
|
|z 9781611682557 (cloth : alk. paper)
|
| 020 |
|
|
|a 9781611683769 (electronic bk.)
|
| 035 |
|
|
|a (MiAaPQ)EBC1093574
|
| 035 |
|
|
|a (Au-PeEL)EBL1093574
|
| 035 |
|
|
|a (CaPaEBR)ebr10677243
|
| 035 |
|
|
|a (CaONFJC)MIL469742
|
| 035 |
|
|
|a (OCoLC)831121025
|
| 040 |
|
|
|a MiAaPQ
|c MiAaPQ
|d MiAaPQ
|
| 050 |
|
4 |
|a HC85
|b .N32 2013
|
| 082 |
0 |
4 |
|a 333.7
|2 23
|
| 100 |
1 |
|
|a Naam, Ramez.
|
| 245 |
1 |
4 |
|a The infinite resource
|h [electronic resource] :
|b the power of ideas on a finite planet /
|c Ramez Naam.
|
| 260 |
|
|
|a Durham, N.H. :
|b University of New Hampshire Press,
|c c2013.
|
| 300 |
|
|
|a viii, 349 p. :
|b ill.
|
| 504 |
|
|
|a Includes bibliographical references and index.
|
| 505 |
0 |
|
|a pt. 1. The best of times -- pt. 2. The worst of times -- pt. 3. The power of ideas -- pt. 4. Unleashing innovation.
|
| 533 |
|
|
|a Electronic reproduction. Ann Arbor, MI : ProQuest, 2015. Available via World Wide Web. Access may be limited to ProQuest affiliated libraries.
|
| 650 |
|
0 |
|a Renewable natural resources.
|
| 650 |
|
0 |
|a Natural resources.
|
| 650 |
|
0 |
|a Sustainable development.
|
| 650 |
|
0 |
|a Conservation of natural resources.
|
| 655 |
|
4 |
|a Electronic books.
|
| 710 |
2 |
|
|a ProQuest (Firm)
|
| 856 |
4 |
0 |
|u https://ebookcentral.proquest.com/lib/matrademy/detail.action?docID=1093574
|z Click to View
|